| 000 | 02015nam a2200349 a 4500 | ||
|---|---|---|---|
| 001 | 000043523 | ||
| 005 | 20260428073714.0 | ||
| 008 | 140324d2013 dr d 000 0 spa d | ||
| 020 | _a9789945412895 | ||
| 040 |
_aDO-SdBNP _bspa _cBNPHU |
||
| 082 |
_a070.44 _bP925f, 2012 |
||
| 111 | 2 |
_aPremios FUNGLODE de periodismo Rafael Herrera _d(2013 : _cSanto Domingo) _971252 |
|
| 245 | 1 | 3 |
_aLa realidad de los dominicanos en Puerto Rico y otros temas periodísticos / _cSenabri Silvestre, Ángel García, Doris Pantaleón , Wanda Méndez, Lery Laura Piña, Kathia Hernández. |
| 260 |
_aSanto Domingo : _bFUNGLODE, _c2013. |
||
| 300 |
_a90 p. ; _c23 cm. |
||
| 490 | 1 | _aPremios Funglode/GFDD 2012 | |
| 505 | 0 |
_gPrimer lugar _tLa realidad de los dominicanos en Puerto Rico ; y otros temas periodísticos / _rSenabri Silvestre _gSegundo lugar _tMi barrio en letras / _rÁngel García _gTercer lugar -- _tEn la mira de la justicia / _rDoris Pantaleón y Wanda Méndez _gMención especial -- _tDominicanos viven el drama de la España de los desempleados / _rLery Laura Piña _gMención especial -- _t¿De qué vive la gente a orilla del Ozama? / _rKathia Hernández |
|
| 586 | _aPremios Funglode de periodismo Rafael Herrera | ||
| 650 | 0 |
_aEnsayos dominicanos _965 |
|
| 650 | 4 |
_aPeriodísmo _zRepública Dominicana _936 |
|
| 650 | 0 |
_aLiteratura dominicana. _967 |
|
| 650 | 0 |
_aPremios literarios _91542 |
|
| 650 | 4 |
_aCertámenes literarios _91541 |
|
| 700 | 1 | 2 |
_aSilvestre, Senabri _tLa realidad de los dominicanos en Puerto Rico _971253 |
| 700 | 1 | 2 |
_aGarcía, Ángel _tMi barrio en letras _971254 |
| 700 | 1 | 2 |
_aPantaleón, Doris y Méndez, Wanda _tEn la mira de la justicia / _971255 |
| 700 | 1 | 2 |
_aPiña, Lery Laura _tDominicanos viven el drama de la España de los desempleados _971256 |
| 700 | 1 | 2 |
_aHernández, Kathia _t¿De qué vive la gente a orilla del Ozama? / _971257 |
| 710 | 2 | 2 |
_aFundación Global Democracía y Desarrollo _925477 |
| 830 | 0 |
_aPremios Funglode/GFDD 2012 _971258 |
|
| 910 | _aValidado. Control de calidad MFF | ||
| 999 |
_c43012 _d43012 |
||